Loading...
| Fine Arts - Painting and Sculpture | 0 | 4 | 0 | 1 | 40 | 55 | 104.50 | 0 | 2 | 4.87 | 15.00 |
| History - World | 0 | 4 | 0 | 1 | 40 | 39 | 73.25 | 0 | 4 | 12.23 | 25.00 |
| Religion | 0 | 2 | 0 | 0 | 20 | 81 | 84.50 | 0 | 1 | 3.11 | 7.50 |
| History - European | 0 | 2 | 0 | 0 | 20 | 31 | 62.00 | 0 | 2 | 9.17 | 7.50 |
| Science - Other | 0 | 2 | 0 | 1 | 20 | 63 | 87.00 | 0 | 2 | 3.57 | 7.50 |
| Literature - American | 0 | 2 | 0 | 0 | 20 | 111 | 113.50 | 0 | 1 | 0.00 | 5.00 |
| Literature - British | 0 | 2 | 0 | 0 | 20 | 91 | 94.50 | 0 | 1 | 3.19 | 7.50 |
| Literature - European | 0 | 2 | 0 | 1 | 20 | 90 | 96.00 | 0 | 2 | 3.54 | 10.00 |
| Literature - World | 0 | 2 | 0 | 1 | 20 | 95 | 100.50 | 0 | 2 | 2.07 | 15.00 |
| Philosophy | 0 | 2 | 0 | 0 | 20 | 74 | 81.50 | 0 | 2 | 5.70 | 18.75 |
| Science - Biology | 0 | 2 | 0 | 0 | 20 | 42 | 67.50 | 1 | 2 | 7.22 | 12.50 |
| Mythology | 0 | 2 | 1 | 0 | 15 | 76 | 87.00 | 0 | 2 | 5.09 | 10.00 |
| Social Science | 0 | 1 | 0 | 1 | 10 | 92 | 92.00 | 0 | 1 | 0.00 | 3.57 |
| History - American | 0 | 2 | 2 | 0 | 10 | 51 | 60.00 | 0 | 1 | 8.89 | 7.50 |
| History - Other | 0 | 2 | 2 | 1 | 10 | 92 | 100.00 | 0 | 1 | 1.64 | 7.50 |
| Science - Chemistry | 0 | 1 | 0 | 0 | 10 | 101 | 101.00 | 0 | 0 | 0.29 | 2.50 |
| Fine Arts - Other | 0 | 1 | 0 | 0 | 10 | 74 | 74.00 | 0 | 1 | 4.17 | 7.50 |
| Popular Culture | 0 | 1 | 2 | 0 | 0 | 115 | 115.00 | 0 | 1 | 0.83 | 8.33 |
| Geography | 0 | 0 | 1 | 0 | -5 | 0.00 | 0 | 0 | 0.00 | 0.00 |